00223nam a2200085Ia 4500008004100000041000800041100001900049245003200068260003700100241105s9999 xx 000 0 und d aeng aGaikwad Manali aSustainable Vertical Living bFinal Year B.Arch ID, Punec2014